Las metástasis del goce: Seis ensayos sobre la mujer y la causalidad

Tallennettuna:
Bibliografiset tiedot
Päätekijä: Zizek, Slavoj
Aineistotyyppi: Kirja
Kieli:Undetermined
Julkaistu: Buenos Aires, Argentina Paidós 2005
Aiheet:
Tagit: Lisää tagi
Ei tageja, Lisää ensimmäinen tagi!

MARC

LEADER 00000nam a2200000Ia 4500
008 170316s9999 xx 000 0 und d
090 |a 100 Z-6.1m 
100 |a Zizek, Slavoj 
245 |a Las metástasis del goce: Seis ensayos sobre la mujer y la causalidad 
260 |a Buenos Aires, Argentina 
260 |b Paidós 
260 |c 2005 
300 |a 327 páginas 
650 |a FILOSOFÍA 
650 |a ENSAYO 
650 |a LA CAUSA 
650 |a LA MUJER 
650 |a EL AMOR CORTES 
650 |a DAVID LYNCH 
650 |a OTTO WEININGER 
650 |a PSICOANÁLISIS 
650 |a MARXISMO 
650 |a LACAN 
650 |a HEGEL 
650 |a DERRIDA 
650 |a FOUCAULT 
650 |a PODER 
650 |a PATRIARCADO - CINISMO 
650 |a BOSNIA 
999 |c 17962  |d 17962 
040 |a cru BVZT 
942 |c 15 D  |h 100 Z-6.1m  |2 z